000
00248 a2200085 4500
020
_a
9789400753433
100
_a
S.T.A. PICKETT
245
_a
RESILIENCE IN ECOLOGY AND URBAN DESIGN: LINKING THEORY AND PRACTICE FOR SUSTAINABLE CITIES
260
_b
SPRINGER
999
_c
13035
_d
13035